A kultúrák együttélésének próbája. (Az idegen, 1997)
Elmentve itt :
| Szerző: | |
|---|---|
| Adatforrás: | Meister |
| Forrásdokumentuma: | Helikon. - 16 sz., 1997, 19 p. |
| Nyelv: | magyar |
| Kulcsszavak: | kultúrfilozófia identitás (kettős) kultúra kulturális inkompatibilitás asszimiláció zsidók |
| LEADER | 00513nab a2200181 i 4500 | ||
|---|---|---|---|
| 001 | bibPRO00009767 | ||
| 008 | 060524s1997 xx hun | ||
| 040 | |a Sz1 | ||
| 041 | |a hun | ||
| 100 | 1 | |a HELLER Ágnes | |
| 245 | 1 | 2 | |a A kultúrák együttélésének próbája. (Az idegen, 1997) |c HELLER Ágnes |
| 695 | |a kultúrfilozófia | ||
| 695 | |a identitás (kettős) | ||
| 695 | |a kultúra | ||
| 695 | |a kulturális inkompatibilitás | ||
| 695 | |a asszimiláció | ||
| 695 | |a zsidók | ||
| 773 | 0 | |t Helikon. - |g 16 sz., 1997, 19 p. | |